Prieskum uplatňovania modelu CAF na vybraných univerzitách v Slovenskej republike = Research of exercitation of model CAF at the selected universities in Slovak Republic : Bakalárska práca

Salvato in:
Dettagli Bibliografici
Autore principale: Schwarz, Michal, 1985- (Autore)
Altri autori: Paulová, Iveta (xxx)
Natura: Manoscritto Libro
Lingua:slovacco
Pubblicazione: Trnava : STU v Bratislave MTF UPMK, 2009
Soggetti:
Tags: Aggiungi Tag
Nessun Tag, puoi essere il primo ad aggiungerne!!

MARC

LEADER 00000ntm a22000003a 4500
001 stu198240
005 20160719160032.3
008 100115s2009----xo------------------slo-d
040 |a STU  |b slo 
041 0 |a slo 
044 |a xo 
100 1 |a Schwarz, Michal,  |d 1985-  |4 aut  |X 34363  |7 A000034363 
245 1 |a Prieskum uplatňovania modelu CAF na vybraných univerzitách v Slovenskej republike = Research of exercitation of model CAF at the selected universities in Slovak Republic :  |b Bakalárska práca 
260 |a Trnava :  |b STU v Bratislave MTF UPMK,  |c 2009 
300 |a 39 s  |c Prílohy + 1 CD-ROM 
500 |a Študijný program: kvalita produkcie 
500 |a Študijný odbor: 5.2.27 kvalita produkcie 
650 7 |a princíp  |2 stusub 
650 7 |a komplexné manažérstvo kvality  |2 stusub 
700 1 |a Paulová, Iveta  |4 xxx  |u M300  |U MTF Ústav priemyselného inžinierstva a manažmentu  |T MTF Katedra inžinierstva kvality  |U M300  |Y M300 
996 |b 284M077717  |c M*BP-4182  |l MMSKP  |s P  |a 0  |w stu198240_0001